LDR 00597nam a2200169 i 4500 001 000000103118 003 CaOOAMICUS 005 20010917000000.0 008 010917n it u000 u ita u 013 $a75284 040 $aSeMil$bita 245 10$aVol. 1. 700 1 $aPotthast, August.$0(OLS)http://semarc/name/3469 773 0 $aPotthast, August$tRegesta Pontificum Romanorum.$dGraz : Akademische Druck- u. Verlagsanstalt, 1957.$w()6626 850 $aSeMil 852 $aSeMil$W1$xVenegono$y1$mSL1.F IV 20$j59579$B59579$CSeMilBibl$Z2$F44061 $8I 996 $6245$aVol. 1$9(OLS)http://semarc/title/13429